|
|
|
|
| LEADER |
00000nam0a2200000 4500 |
| 001 |
310942 |
| 005 |
20231102002333.0 |
| 035 |
|
|
|a (RuTPU)RU\TPU\book\336297
|
| 090 |
|
|
|a 310942
|
| 100 |
|
|
|a 20151201d1982 km y0rusy50 ca
|
| 101 |
0 |
|
|a rus
|
| 102 |
|
|
|a RU
|
| 105 |
|
|
|a a z 101zy
|
| 200 |
1 |
|
|a Прогрессивные способы микросварки и микропайки в радиоэлектронике и приборостроении
|e материалы семинара
|f Общество "Знание" РСФСР ; Московский Дом научно-технической пропаганды ; под ред. Е. К. Ковшикова
|
| 210 |
|
|
|a Москва
|c Знание
|d 1982
|
| 215 |
|
|
|a 166 с.
|c ил.
|
| 320 |
|
|
|a Библиогр. в конце ст.
|
| 606 |
1 |
|
|a Радиоприборостроение
|2 stltpush
|3 (RuTPU)RU\TPU\subj\22945
|9 47617
|
| 606 |
1 |
|
|a Радиоаппаратура
|x Пайка
|x Приборостроение
|2 stltpush
|3 (RuTPU)RU\TPU\subj\22469
|9 47220
|
| 610 |
1 |
|
|a семинары
|
| 610 |
1 |
|
|a микросварка
|
| 610 |
1 |
|
|a новые технологии
|
| 610 |
1 |
|
|a сборочные операции
|
| 610 |
1 |
|
|a качество
|
| 610 |
1 |
|
|a сварочные автоматы
|
| 610 |
1 |
|
|a сварка прокаткой
|
| 610 |
1 |
|
|a беспроволочная сборка
|
| 610 |
1 |
|
|a сварка давлением
|
| 675 |
|
|
|a 621.396.6.002(063)
|v 4
|
| 675 |
|
|
|a 681.2.002(063)
|v 4
|
| 702 |
|
1 |
|a Ковшиков
|b Е. К.
|4 340
|
| 712 |
0 |
2 |
|a Общество "Знание" РСФСР
|c (Москва)
|2 stltpush
|3 (RuTPU)RU\TPU\col\7484
|
| 712 |
0 |
2 |
|a Московский Дом научно-технической пропаганды
|2 stltpush
|3 (RuTPU)RU\TPU\col\7885
|9 24405
|
| 712 |
1 |
2 |
|a Прогрессивные способы микросварки и микропайки в радиоэлектронике и приборостроении
|c семинар
|e Москва
|f 1982
|4 570
|
| 801 |
|
1 |
|a RU
|b 63413507
|c 20151201
|
| 801 |
|
2 |
|a RU
|b 63413507
|c 20191119
|g RCR
|
| 942 |
|
|
|c BK
|